00457nam a2200133Ia 4500008004100000245010000041260003300141260000900174300001100183500001100194650002700205999001900232952007200251170224s9999 xx 000 0 und d 2aA Study on the Effect of Exit Widths and Crowd Sizes in the Formation of Arch in Clogged Crowds bPhilippine Computing Journal c2013 aVIII:1 aAugust xInformation Technology c315746d315746 001040aCLbCLd2017-02-24l0r2017-02-24 00:00:00w2017-02-24ySE